ISLAMIC FINANCE AND BANKING SYSTEM : Philosophies, Principles & Practices /

Bibliographic Details
Main Author: Sudin Haron, 1954- (Author)
Other Authors: Wan Nursofiza Wan Azmi
Format: Book
Language:English
Subjects:
LEADER 01039cam a2200301 7i4500
001 0000025961
005 20200902090000.0
005 ##20200902124100.0
003 ##MY-KlINT
008 151104120092009my ng d eng d
020 # # |a 9789833850617  
039 # 9 |a 202009021241  |b rozila  |c 202009021240  |d rozila  |c 201907311051  |d AUTHORITY  |c 201810161014  |d Amir  |y 201511041317  |z VLOAD 
040 # # |a ELMU 
082 0 0 |a 332.10917671 
090 0 0 |a 332.10917671   |b SUD 
100 1 # |a Sudin Haron,   |d 1954-   |e author 
245 1 0 |a ISLAMIC FINANCE AND BANKING SYSTEM :   |b Philosophies, Principles & Practices /   |c Sudin Haron, Wan Nursofiza Wan Azmi. 
264 # 0 |c ♭2009 
264 # 0 |a Shah Alam, Selangor  |b McGraw-Hill  |c 2009 
300 # # |a xii, 536 pages;   |c 24cm. 
336 # # |a text  |2 rdacontent 
337 # # |a unmediated  |2 rdamedia 
338 # # |a volume  |2 rdacarrier 
500 # # |a Includes index 
583 # # |a LULUS 
650 # 0 |a Banks and banking --   |z Islamic countries  
650 # 0 |a Finance --   |x Religious aspects --   |x Islam  
700 0 # |a Wan Nursofiza Wan Azmi